Statystyki dla 15 krajów o największej liczbie zgonów Covid19 - 5 czerwca

Kliknij tutaj aby rozwiązać quiz!

Ogólne statystyki

  • Ten quiz został rozwiązany 23 razy
  • Średni wynik to 12 z 20

Statystyki odpowiedzi

kraj% Poprawnych
Hiszpania
95%
Rosja
95%
Stany Zjednoczone
95%
Włochy
95%
Francja
82%
Brazylia
77%
Niemcy
77%
Wielka Brytania
68%
Indie
64%
Kanada
59%
Szwecja
59%
Meksyk
55%
Belgia
50%
Holandia
45%
Peru
41%
Portugalia
41%
Iran
36%
Irlandia
32%
Szwajcaria
18%
Ekwador
14%

Rozkład punktacji

Percentyl według liczby udzielonych odpowiedzi

Procent ludzi z każdym wynikiem

Twoja historia wyników

Nie rozwiązałeś tego quizu